[Event "Petrov Memorial op"]
[Site "St Petersburg"]
[Date "1996.??.??"]
[Round "9"]
[White "Orlov, Vassily"]
[Black "Kiik, Kalle"]
[Result "1-0"]
[WhiteElo "2405"]
[BlackElo "2385"]
[Annotator "Engqvist"]
[PlyCount "99"]
[EventDate "1996.02.??"]
[EventType "swiss"]
[EventRounds "9"]
[EventCountry "RUS"]
[SourceTitle "CBM 052"]
[Source "ChessBase"]
[SourceDate "1996.06.01"]
[SourceVersion "1"]
[SourceVersionDate "1996.06.01"]
[SourceQuality "1"]

1. e4 {Hecht} c5 2. Nf3 e6 3. d4 cxd4 4. Nxd4 Nc6 5. Nc3 d6 6. Be2 Nf6 7. O-O
Be7 8. Be3 O-O 9. f4 e5 {The modern Scheveningen, which was worked out by
Spassky and Bondarevsky in the seventies.} 10. Nb3 exf4 11. Bxf4 (11. Rxf4 {
is another complex of variations.}) 11... Be6 {/\ d5} 12. Bf3 {White wants to
stop Black from playing d5, and therefore voluntarily puts his bishop in a
passive position.} (12. Kh1 $1 d5 13. e5 (13. exd5 Nxd5 14. Nxd5 Qxd5 15. Bf3 (
15. Qxd5 Bxd5 16. Bf3 Rad8 17. Bxd5 Rxd5 18. Rad1 Rxd1 19. Rxd1 Rd8 {1/2
Georgiev-Donchev, Sofia 1984}) 15... Qc4 16. Be2 Qa4 17. Bd3 Bc4 $10 {
Gunnarsson-Engqvist, Gausdal 1993}) 13... Nd7 14. Nxd5 Ndxe5 15. c4 (15. Nxe7+
Qxe7 {This interesting position is about equal, as the Black knight pair
refuses to let the bishop pair into the game.} 16. Qe1 (16. Nd4 $6 Rad8 17.
Nxc6 Nxc6 18. Bd3 (18. Qe1 Nb4 $17 {Vogt}) 18... Nb4 $1 $15 {Bielczyk-Vogt,
Polska-DDR 1977 - 24/448}) (16. c3 Rfe8 17. Bb5 {1/2 Nunn-Andersson,
Johannesburg 1981}) (16. Bb5 a6 17. Bxc6 Rfd8 {1/2 Marjanovic-Rodriguez,
Pancevo 1987}) 16... Rad8 (16... Rfe8 $5 {Kirov-Velickovic, Novi Sad 1981}) (
16... Ng6 17. Bg3 f5 $5 (17... Rad8 18. Bf3 Bd5 19. Qxe7 {1/2 Nunn-Wirthensohn,
Biel 1982}) 18. Bf3 f4 19. Bf2 Qf7 20. Nd4 Bc4 {Marjanovic-Tarjan, 1980}) 17.
Qg3 Ng6 18. Bg5 f6 19. Be3 Rfe8 $10 {Klovans-Ceskovskij, Riga 1981 - 32/310})
15... Bg5 16. Nc5 $1 (16. Bg3 Bh4 17. Bf4 Bg5 18. Bg3 Bh4 19. Bf4 {1/2
Kamsky-Anand, Buenos Aires 1994}) (16. Qc1 Bxf4 17. Nxf4 Qe7 (17... Bg4 18.
Bxg4 Nxg4 19. Qe1 (19. Nd5 Qd6 {1/2 Dvoiris-Razuvaev, 1982}) 19... Re8 20. Qg3
Nf6 $10 {Tal-Kavalek, Wijk aan Zee 1982}) 18. Qc3 Rad8 19. Rae1 Kh8 20. a3 f6
$13 {Kuzmin-Kasparov, SSSR (ch) 1981}) (16. Bxg5 Qxg5 17. Nc5 (17. Nc7 Rad8 18.
Nxe6 fxe6 19. Rxf8+ Rxf8 20. Qg1 {Baillo-Greenfeld, Luzern (ol) 1982}) 17... b6
18. Ne4 Qh6 19. Qa4 Nd4 20. Rae1 Qh4 21. Qd1 Bxd5 22. cxd5 Qxe4 23. Bc4 Qg4 24.
Rxe5 Qxd1 25. Rxd1 Rfe8 26. Rxe8+ Rxe8 27. d6 Ne6 28. Bxe6 fxe6 29. Kg1 Kf7 30.
Rc1 Rd8 {1/2 Malisauskas-Volke, Minsk 1994}) 16... Bxf4 17. Nxe6 (17. Rxf4 b6
$1 18. Ne4 (18. Nxe6 fxe6 19. Rxf8+ Qxf8 $15 {Kasparov}) 18... b5 $1 19. b3 (
19. cxb5 $2 Bxd5 20. bxc6 Ng6 {Kasparov}) 19... bxc4 20. Bxc4 (20. bxc4 Qa5 $15
{Kasparov}) 20... Kh8 $1 {Geller-Kasparov, Moskva 1981 - 31/290} 21. h3 f5 22.
Nec3 $10 {Kasparov}) 17... fxe6 18. Nxf4 Qe7 (18... Qh4 19. g3 Qe7 20. Qd2 Rad8
21. Qe3 Rd4 22. b4 $14 {Kindermann-Polgar,S, Aruba 1992}) (18... Nd4 $5 19. Qd2
Qb6 (19... Nec6 $5) 20. Qe3 $14 {Dolmatov}) 19. Qd2 $5 (19. Qb3 $2 Nd4 20. Qe3
Nxe2 21. Qxe2 Rf5 $1 $10 {Dolmatov-Psahis, Moskva (GMA) 1990}) 19... Rad8 20.
Qe3 Rd4 21. b4 $5 {|^ Dolmatov} (21. Rac1 $5 {/\ c5 Dolmatov})) (12. Qe1 d5 13.
exd5 (13. e5 Nd7 $10 {Kasparov, Nikitin}) 13... Nxd5 14. Nxd5 Qxd5 15. Qg3 Qf5
$1 $10 {van der Wiel-Panchenko, Soci 1980}) (12. Qd2 d5 13. e5 (13. exd5 Nxd5
14. Nxd5 Qxd5 15. Qxd5 Bxd5 16. Rad1 Rad8 17. Bc7 Rc8 18. Rxd5 Rxc7 19. c3 Rd8
20. Rfd1 Rxd5 21. Rxd5 Kf8 22. Bf3 Ke8 $10 {Zagrebelny-Rytshagov, Barnaul 1988}
) 13... Ne4 14. Nxe4 dxe4 15. Qe3 Qb6 16. Qxb6 {1/2 Hulak-Cebalo, Budva zt 1981
}) 12... Ne5 (12... Bc4 13. Rf2 Ne5 14. Rd2 Qc7 $10 {Kasparov, Nikitin}) (12...
Ne8 $5 {/\ Bg5}) 13. Kh1 Nc4 {It is probably better to maintain the knight on
the central e5-square, and de- velop the position instead.} (13... Bc4 $5) (
13... Rc8 {is logical.}) 14. Rb1 Rc8 15. Nd4 Qd7 (15... Nxb2 $2 16. Rxb2 Rxc3
17. Rxb7 {is only dangerous for Black.}) 16. Nd5 Bxd5 17. exd5 Rfe8 18. b3 Ne5
19. c4 Bd8 $1 {Black manages to find a good operation-square for his "bad"
bishop.} 20. Rc1 Bb6 21. Rc3 Ba5 22. Re3 Nfg4 23. Bxg4 Nxg4 24. Ref3 Re4 25.
Nb5 Rxf4 26. Rxf4 Ne3 27. Qd3 Nxf1 28. Rxf1 a6 29. Nd4 g6 30. Qg3 Re8 31. h3
Re5 32. Nf3 Rf5 33. Rb1 Bd8 34. b4 Bf6 {Black once again finds the right
diagonal for his bishop.} 35. Qf2 h5 36. Qe3 {/\ g4} Qe7 37. Qd3 Be5 $2 (37...
Rf4 {/\} 38. c5 (38. Re1 $2 Rxf3) 38... dxc5 39. d6 Qe4 40. Qxe4 Rxe4 41. bxc5
Rc4 42. Rxb7 Rxc5) 38. Re1 Qf6 39. c5 Kg7 40. c6 $16 bxc6 41. dxc6 d5 42. Nxe5
Rxe5 {Hecht: DT-DT: verbundene weiße Freibauern vs einen schwarzen Freibauern}
43. Rc1 Qg5 44. Qf1 Re8 45. a4 d4 46. c7 Rc8 47. b5 axb5 48. axb5 d3 49. b6 Qd5
(49... d2 50. Rb1 h4 (50... Kh6 {Hecht} 51. b7 Rxc7 52. b8=Q Rc1 53. Qh8#) (
50... Kh7 {Hecht} 51. Qxf7+) 51. b7 Rxc7 52. b8=Q Rc1 53. Qb2+ $18) 50. Rb1 1-0

[Event "Biel GM"]
[Site "Biel"]
[Date "2007.07.27"]
[Round "4"]
[White "Grischuk, Alexander"]
[Black "Pelletier, Yannick"]
[Result "1-0"]
[WhiteElo "2726"]
[BlackElo "2591"]
[Annotator "Ftacnik,L"]
[PlyCount "107"]
[EventDate "2007.07.23"]
[EventType "tourn"]
[EventRounds "9"]
[EventCountry "SUI"]
[EventCategory "18"]
[SourceTitle "CBM 120"]
[Source "ChessBase"]
[SourceDate "2007.10.02"]
[SourceVersion "1"]
[SourceVersionDate "2007.10.02"]
[SourceQuality "1"]

1. e4 c5 2. Nf3 e6 3. d4 cxd4 4. Nxd4 Nc6 5. Nc3 Qc7 6. Be2 Nf6 7. O-O Be7 8.
Be3 O-O 9. f4 d6 10. Kh1 Nxd4 11. Bxd4 e5 12. Be3 exf4 13. Bxf4 Be6 14. Qd3 $1
{A good move in many respects, the white queen defends the c2 pawn and can be
quickly transferred to the kingside.} Rfd8 15. Rad1 Ne8 $6 {Pelletier is
blinking first and this passive defense turns him into an underdog.} (15... a6
16. Qg3 Ne8 17. Rf3 Qb6 18. Rdf1 Bf6 19. e5 Bxe5 20. Bxe5 dxe5 21. Qxe5 Qd6 22.
Qe3 Nc7 23. Rg3 {1-0 Zelcic,R (2455)-Stevic,H (2400)/Medulin 1997/ (48)}) (
15... Rac8 16. Qg3 Qb6 $13) 16. Nd5 $1 Bxd5 (16... Qd7 17. Nxe7+ Qxe7 18. b3
$16) 17. Qxd5 Rac8 (17... Qxc2 $2 18. Bc4 Nf6 19. Qxf7+ Kh8 20. e5 $18) (17...
Nf6 $5 18. Qb3 (18. Qd3 Rac8 19. Rc1 $14) 18... Nxe4 19. Bd3 (19. Qxf7+ Kxf7
20. Bxd6+ Bf6 21. Bxc7 Rxd1 22. Bxd1 Re8 $14) 19... Nf6 20. Bc4 Rf8 21. Rfe1
$44) 18. c3 Nf6 19. Qb3 $1 {Grischuk has no plans to abandon the pressure
against the f7 pawn.} (19. Qd3 Qb6 20. c4 Qc6 $13) 19... Nxe4 20. Bg4 Ra8 (
20... Nc5 21. Qd5 Ne6 22. Bxe6 fxe6 23. Qxe6+ Kh8 24. Rfe1 $16) 21. Qxf7+ $1 {
Not an everyday picture for a Scheveningen position, but a refreshing idea
nevertheless. White is gaining a pawn and good winning chances.} Kxf7 (21...
Kh8 22. Rde1 $18) 22. Bxd6+ Bf6 23. Bxc7 Rxd1 24. Bh5+ g6 (24... Ke7 25. Bxd1
Kd7 26. Bf4 $16) 25. Bxd1 {White enjoys the advantage of two bishops for no
real cost, his chances are bright.} Nd2 (25... Kg7 26. Kg1 Rc8 27. Bf4 $16) 26.
Re1 b5 (26... Nc4 27. Bb3 Rc8 28. Bf4 $16) 27. Bf4 Nc4 28. Bb3 Re8 29. Rxe8 (
29. Bxc4+ bxc4 30. Rxe8 Kxe8 31. g4 Kd7 32. Kg2 Ke6 33. Kf3 Kd5 $14) 29... Kxe8
30. Bc1 {[%mdl 4096] Winning the game is technically not so easy, but unless
White makes a huge mistake he should manage.} Kd7 31. Kg1 Kc6 32. Kf2 Kc5 33.
Bc2 {It might have been better to retreat with the bishop to d1.} (33. Bd1 $5
a5 34. Bf3 b4 35. b3 Ne5 36. cxb4+ axb4 (36... Kxb4 37. Be4 $16) 37. Be3+ $16)
33... a5 34. a4 $6 {I find it impossible as a mere mortal to judge, if White
has miscalculated or willingly decided to lock the knight and try to win with
positional domination. In any case this decision is rather dubious.} (34. Ke2
b4 35. b3 Na3 36. Be3+ Kd6 37. Bd3 Bxc3 38. Bb6 $16) 34... b4 35. b3 Na3 (35...
Bxc3 36. bxc4 Kxc4 37. Bf4 b3 38. Be4 $18) 36. Be3+ (36. cxb4+ Kxb4 37. Bd1 Nb1
38. Kf3 Nc3 39. Bc2 Na2 $132) 36... Kd6 37. Bd3 bxc3 38. Bc1 Bd4+ 39. Kf3 Bc5
40. Ke4 Ke6 41. g4 h5 $2 {Pelletier helps his mighty opponent with an
unfortunate move. Suddenly the pawn g6 becomes exposed and will require
protection. Passive defense was much more stubborn, White would probably have
not been able to win.} (41... Be7 $1 42. g5 Bc5 43. h3 Bd6 44. Kd4 Be5+ 45. Kc5
Bd6+ 46. Kb6 Ke5 47. Kxa5 Kd4 48. Bxa3 (48. Bf1 Nb1 49. b4 Nd2 $11) 48... Bxa3
49. Bb1 Kc5 50. Bc2 Bb4+ 51. Ka6 Kc6 52. a5 Kc5 53. h4 Kc6 $11) 42. g5 Bb4 (
42... c2 $5 43. Kf4 Bd6+ 44. Ke3 Bc5+ 45. Ke4 (45. Ke2 Kf7 46. Be4 Bb4 47. Kd3
Bd6 48. Kc3 Be5+ $1 49. Kd3 Bd6 $13) 45... Bb4 46. Kd4 Kf7 47. Kd5 Be7 48. Kc6
Bb4 49. Kb6 Kg7 50. h4 Kf7 51. Bb2 $18) 43. Kd4 Kf7 44. Kd5 Be7 45. Kc6 Bb4 46.
Kb6 Kg7 {The black king has to stay far away from the drama unfolding on the
queenside.} (46... c2 $2 47. Bb2 $18) 47. Bxa3 Bxa3 48. Kxa5 Bd6 49. h3 Be7 (
49... Bf4 50. Kb4 Bxg5 51. Kxc3 Be3 52. a5 Kf6 53. b4 g5 54. b5 Ke5 55. b6 Kd5
56. Kb4 $18) 50. h4 Bd6 51. Kb5 Bg3 52. a5 Bxh4 53. a6 Bf2 54. Kc4 {Black
decided to resign, as Grischuk would have to stop only one pawn while Black
could never cope with three.} (54. Kc4 h4 55. Kxc3 Kf7 (55... h3 56. Kc4 h2 57.
Be4 Kf7 58. Kd5 Ke7 59. Kc6 $18) 56. Kc4 Ke6 57. Bxg6 Ke5 58. Be4 $1 h3 (58...
Kxe4 59. g6 h3 60. g7 h2 61. g8=Q h1=Q 62. Qd5+ $18) 59. g6 Ke6 60. Kb5 h2 61.
Kc6 $18) 1-0

[Event "RUS-ch51"]
[Site "St Petersburg"]
[Date "1998.07.28"]
[Round "1"]
[White "Svidler, Peter"]
[Black "Galliamova, Alisa"]
[Result "1/2-1/2"]
[WhiteElo "2710"]
[BlackElo "2560"]
[Annotator "Ftacnik,L"]
[PlyCount "39"]
[EventDate "1998.07.28"]
[EventType "swiss"]
[EventRounds "11"]
[EventCountry "RUS"]
[SourceTitle "CBM 067"]
[Source "ChessBase"]
[SourceDate "1998.11.30"]
[SourceVersion "2"]
[SourceVersionDate "1998.11.01"]
[SourceQuality "1"]

1. e4 c5 2. Nf3 Nc6 3. d4 cxd4 4. Nxd4 d6 5. Nc3 e6 6. Be2 Nf6 7. O-O Be7 8.
Kh1 O-O 9. f4 Nxd4 $5 {Interesting approach, black simplifies in the center in
order to quickly develop his white squaered bishop. If the concept works,
white will have more problems with a fight for advantage in the Scheveningen
without a6.} 10. Qxd4 b6 11. Bf3 Bb7 {[%mdl 4]} 12. Qf2 {Too modest,
Galliamova now equalizes without effort.} (12. Qd3 Nd7 13. Rd1 Nc5 14. Qe2 Qb8
15. Be3 Bf6 16. Bd4 Bxd4 17. Rxd4 e5 18. Rd2 Ne6 19. f5 Nd4 {0-1 Szily,
J-Huebner,R/Buesum/1969/ (39)}) (12. Be3 {Looks like most promising move, but
black was able to hold his own in several games.} Qc7 (12... d5 13. exd5 (13.
e5 Bc5 14. Qd3 Nd7 15. Ne2 Bxe3 16. Qxe3 Ba6 17. Rf2 Bxe2 18. Rxe2 Qc7 19. Rd1
Rac8 20. f5 {1-0 Guliev,N-Markowski,T/Moscow olm/1994/ (41)}) 13... Nxd5 14.
Nxd5 Bxd5 15. Bxd5 exd5 16. Qd3 Qd6 (16... Qc7 17. c3 Rad8 18. Bd4 Rfe8 19. Qg3
Bf8 {0-1 Moroz,A-Markowski,T/POL-chT/1994/ (45)}) 17. Rad1 Rad8 18. Bd4 Bf6 19.
c3 Rfe8 20. Qf3 Re4 21. Bxf6 Qxf6 22. Rxd5 Rxd5 23. Qxe4 {1-0 Smirin,
I-Markowski,T/Oviedo rapid/1993/ (45)}) (12... Rc8 13. Rad1 Ba6 14. Rf2 Rc4 15.
Qd2 Qc8 16. Bd4 Rd8 17. Be2 Rxc3 18. Bxa6 Qxa6 19. Bxf6 Rc7 20. Bxe7 Rxe7 21.
a3 Qc4 22. Qe3 {1-0 Malisauskas,V-Rytshagov,M/Tallinn rapid/1996/ (56)}) 13.
Nb5 Qc6 14. e5 dxe5 15. Bxc6 exd4 16. Bxb7 Rab8 17. Bxd4 {1/2-1/2 Hindle,O-Law,
A/BCF-ch 1974/MCD-ch}) 12... Rc8 13. e5 Nd5 (13... Bxf3 14. exf6 Bxg2+ 15. Qxg2
Bxf6 16. Ne4 $14) 14. Nxd5 (14. Bd2 dxe5 15. fxe5 f6 $1 $11) 14... Bxd5 15.
Bxd5 exd5 16. exd6 (16. Be3 dxe5 17. fxe5 Qc7 $15) 16... Qxd6 17. Be3 Bf6 18.
c3 Rfe8 19. Rad1 (19. Rae1 Re4 $11) 19... Re4 20. Qf3 {White had no reason to
hope for an advantage.} (20. Qf3 Rce8 21. Bg1 $11) 1/2-1/2

[Event "Bundesliga 0203"]
[Site "Germany"]
[Date "2003.03.29"]
[Round "14.4"]
[White "Polzin, Rainer"]
[Black "Boensch, Uwe"]
[Result "1-0"]
[WhiteElo "2462"]
[BlackElo "2540"]
[Annotator "Ftacnik,L"]
[PlyCount "79"]
[EventDate "2002.10.19"]
[EventType "team-tourn"]
[EventRounds "15"]
[EventCountry "GER"]
[SourceTitle "CBM 095"]
[Source "ChessBase"]
[SourceDate "2003.07.25"]
[SourceVersion "1"]
[SourceVersionDate "2003.07.25"]
[SourceQuality "1"]
[WhiteTeam "Neukoelln"]
[BlackTeam "Tegernsee"]
[WhiteTeamCountry "GER"]
[BlackTeamCountry "GER"]

1. e4 c5 2. Nf3 Nc6 3. Nc3 e6 4. d4 cxd4 5. Nxd4 d6 6. Be2 Nf6 7. O-O Be7 8.
Be3 Bd7 9. Nb3 a6 10. f4 O-O 11. g4 Rc8 {Black has to face the kingside attack
with the white aggressive "g" pawn quite often, but due to 8...Bd7 he has to
retreat with the knight to e8.} 12. g5 Ne8 13. Qd2 f6 (13... b5 14. Rad1 f6 15.
h4 Nc7 16. a3 $13) (13... e5 14. Nd5 Bh3 15. Rf2 exf4 16. Nxf4 $14) 14. h4 fxg5
15. hxg5 g6 $6 {[%mdl 16384] Boensch prepares respectable kingside defensive
setup, but he also misses important strategic manouver. White knight on b6
will cost him a vital bishop's pair.} (15... Na5 16. Nxa5 Qxa5 17. Rad1 Bd8 18.
a3 Bb6 19. e5 dxe5 20. fxe5 Rxf1+ 21. Bxf1 Bc6 22. Bc4 $14) 16. Na4 $1 Ng7 17.
Nb6 Rb8 (17... Rc7 18. Rad1 Be8 19. Bf3 $16) 18. Nxd7 (18. Rad1 $5 Be8 19. Nc4
$16) 18... Qxd7 19. Bg4 Qe8 20. Qg2 Qf7 21. Rad1 Rbe8 (21... Rbd8 22. a4 d5 23.
exd5 exd5 24. Bb6 $16) 22. Rf2 d5 $5 {The defender is afraid of suffocating on
the h file, so he starts counterplay with pawn sacrifice.} (22... Kh8 23. Qh3
Qg8 24. Rh2 $16) 23. exd5 exd5 24. Rxd5 Nf5 (24... Bd6 25. Rxd6 (25. Rd3 Nf5
26. Bxf5 Qxf5 27. Rxd6 Rxe3 28. Qd5+ Qxd5 29. Rxd5 Rg3+ 30. Kh1 Rg4 $14) 25...
Rxe3 26. Rf6 Qe7 27. Qd5+ Kh8 28. Qc5 Rxf6 29. Qxe7 Rxe7 30. gxf6 Re1+ 31. Rf1
Rxf1+ 32. Kxf1 Nf5 33. Bf3 Kg8 34. Bd5+ Kf8 35. Ke2 $16) 25. Bxf5 gxf5 26. Nd4
(26. Re2 Rd8 27. Red2 Rfe8 28. Bb6 Rxd5 29. Qxd5 $16) 26... Nxd4 27. Bxd4 Bd8 (
27... Rd8 28. Rxd8 Rxd8 29. c3 Bd6 30. Qf3 Re8 31. Rh2 $16) 28. Rd2 $2 (28. Rd6
$5 Re1+ (28... Bc7 29. g6 $18) 29. Rf1 Rxf1+ 30. Qxf1 Re8 31. Qh3 Qxa2 32. Qxf5
$16) 28... Re1+ $6 {Both players were oblivious to the excellent chance for
counterplay, with 28...Bc7! black could have hoped to survive.} (28... Bc7 $1
29. Bf6 Bxf4 30. Rd7 Be3+ 31. Kf1 Qc4+ 32. Qe2 Qf4+ 33. Qf2 Qxf2+ 34. Rxf2 $11)
29. Kf2 Re4 30. Be5 Bb6+ 31. Kf1 Re8 (31... Bc7 32. g6 $1 (32. Rd7 Qc4+ 33. Qe2
Qxe2+ (33... Rxe2 34. Rg7+ Kh8 35. Rxc7+ Rxe5+ 36. Rxc4 Re4 37. Rdd4 Re6 38.
Rc7 $16) 34. Rxe2 Bxe5 35. fxe5 Re8 36. Rh2 (36. Rxb7 R4xe5 37. Rxe5 Rxe5 38.
b4 f4 39. Ra7 Rb5 40. a3 Rxg5 41. Rxa6 $16) 36... R8xe5 37. Rhxh7 Re1+ 38. Kf2
R5e3 $11) 32... hxg6 33. Rd7 Bxe5 34. Rxf7 Rxf4+ 35. Ke2 Rxf7 36. Qxg6+ Kf8 37.
Rd8+ Ke7 38. Qg5+ Rf6 39. Qg8 $18) 32. g6 $1 hxg6 (32... Qxg6 33. Rd6 $1 Qg4
34. Rxb6 $18) 33. Rd6 Qc4+ 34. R2d3 Rxf4+ (34... Re6 35. Rxe6 Qxe6 36. Qh2 Ba5
37. Qh8+ Kf7 38. Qg7+ Ke8 39. Qxb7 $16) 35. Bxf4 Qxf4+ 36. Qf3 Qh4 (36... Qxf3+
37. Rxf3 Be3 38. Rxg6+ $16) 37. Rxg6+ (37. Rxb6 $4 Re1+ 38. Kg2 Qh1+ 39. Kg3
Rg1+ 40. Kf4 Qh2+ 41. Ke3 Qe5+ 42. Kd2 Qe1#) 37... Kh8 38. Rg3 (38. Rxb6 Re1+
39. Kg2 Qh1+ 40. Kg3 Rg1+ (40... Qg1+ 41. Kh3) 41. Kf4 Qh4+ (41... Rf1 42. Rd8+
Kg7 43. Rxb7+ Kh6 44. Rd6#) 42. Ke5 Qe7+ 43. Re6 Qc5+ 44. Rd5 $18) 38... Re4
39. Rh3 Re1+ 40. Kg2 1-0

[Event "Interpolis-01"]
[Site "Tilburg"]
[Date "1977.10.01"]
[Round "7"]
[White "Kavalek, Lubomir"]
[Black "Hort, Vlastimil"]
[Result "1/2-1/2"]
[WhiteElo "2545"]
[BlackElo "2620"]
[Annotator "Ftacnik,L"]
[PlyCount "40"]
[EventDate "1977.09.23"]
[EventType "tourn"]
[EventRounds "11"]
[EventCountry "NED"]
[EventCategory "14"]
[SourceTitle "MCL"]
[Source "ChessBase"]
[SourceDate "1999.07.01"]
[SourceVersion "1"]
[SourceVersionDate "1999.07.01"]
[SourceQuality "1"]

1. e4 c5 2. Nf3 d6 3. d4 cxd4 4. Nxd4 Nf6 5. Nc3 e6 6. Be2 Be7 7. O-O O-O 8. f4
Nc6 9. Be3 e5 10. Nb3 exf4 11. Rxf4 (11. Bxf4 Be6 12. Kh1 d5 13. e5 Ne4 $5 14.
Bd3 f5 $5 15. exf6 Bxf6 16. Qe2 (16. Nxe4 dxe4 17. Bxe4 Qxd1 18. Raxd1 Bxb2 $13
) (16. Qe1 Bf5 $13) 16... Bxc3 $1 (16... Bf5 $2 17. Nxd5) 17. bxc3 Qh4 18. Qe3
(18. Bxe4 dxe4 19. Qxe4 Rae8 $132) 18... Rae8 $15 {Gazik-Cvetkovic/Stary
Smokovec/1988}) 11... Be6 12. Kh1 d5 13. exd5 (13. Rxf6 $2 Bxf6 14. exd5 Bxc3
$19) 13... Nxd5 14. Nxd5 Qxd5 (14... Bxd5 15. Bf3 Bxf3 16. Qxf3 Qc7 17. Rf1 Bd6
$13) 15. Qxd5 Bxd5 16. Rd1 Rfd8 17. c4 Be6 18. Nd4 Nxd4 19. Rfxd4 b6 (19...
Rxd4 20. Rxd4 Bf6 21. Rd2 b6 22. b4 Rd8 $10) 20. Bf3 Rac8 1/2-1/2